000 00310nam a22001217a 4500
003 OSt
008 150418b xxu||||| |||| 00| 0 eng d
100 1 _aCrown, Francis J., Jr.
041 _aeng
245 1 0 _aThe turbulent decade : Georgia's post offices, 1860-1869
260 _bF.J. Crown, Jr.
300 _a0 pages
999 _c1215
_d1215